000 00572nam a2200145 4500
999 _c16003
_d16003
008 210204b ||||| |||| 00| 0 eng d
022 _a0732-8435
082 _aDPer 657.05 C33 Feb - Aug 2012, v. 82
100 _aLove, Vincent J.
_942913
245 _aAuditors' responsibility for detecting fraud:
_bApplying professional judgment and maintaining integrity/
_cVincent J. Love.
260 _aNew York:
_bThe New York State Society of CPA,
_c©2012.
300 _av82 n6, pages 32-38:
_bcolor illustration;
_c28 cm.
650 _aFraud
_xAuditors.
_942907
942 _2ddc
_cPER